| 000 | 00656nam a2200229 a 4500 | ||
|---|---|---|---|
| 008 | |||
| 020 | _a0073191639 (hbk.) | ||
| 049 | _aMAIN | ||
| 090 |
_aTK7874 _bJAE |
||
| 100 | 1 | _aJaeger, Richard C. | |
| 245 | 1 | 0 |
_aMicroelectronic circuit design / _cRichard C. Jaeger and Travis N. Blalock. |
| 260 |
_aBoston : _bMcGraw-Hill, _c2006. |
||
| 300 | _a3rd ed. | ||
| 300 |
_axxiv, 1190 p. : _bill.; _c26 cm. |
||
| 650 | 1 | _aElectronic circuit. | |
| 700 | _aBlalock, N. Travis. | ||
| 907 |
_a.b10292573 _b01-08-11 _c01-03-11 |
||
| 003 | |||
| 005 | 20230123125323.0 | ||
| 040 | _cNUST | ||
| 942 |
_cBOOKS _kTK7874 _mJAE |
||
| 999 |
_c139490 _d139490 |
||